000
00295nam a2200121Ia 4500
008
190216s9999||||xx |||||||||||||| ||und||
100
_a
Nahdath Savad Amozee
245
0
_a
Rousu Thadrees Farsee 1
260
_b
Indian Open University Books
_c
1978
300
_a
161p
650
_a
Arabic
942
_c
BK
999
_c
295
_d
295